| 000 | 00913nam a22002057a 4500 | ||
|---|---|---|---|
| 005 | 20260209131925.0 | ||
| 008 | 260209b |||||||| |||| 00| 0 eng d | ||
| 020 | _a9789355738073 | ||
| 040 | _cVITAP | ||
| 082 |
_223rd Ed. _a658.403 MAY |
||
| 100 |
_aMayes, Timothy R. _917012 |
||
| 245 |
_aFinancial Analysis with Microsoft® Excel® 2016 _c/ Timothy R. Mayes and Todd M. Shank |
||
| 250 | _a8th Ed. | ||
| 260 |
_aNew Delhi _bCengage Learning India Pvt. Ltd. _c2025 |
||
| 300 | _axx, 540p. : ill. ; 25cm | ||
| 500 | _aIt includes Index Pages. | ||
| 650 | 0 |
_aElectronic spreadsheets; Management science--Computer simulation; Operations research--Computer simulation; Decision making--Data processing; Decision making--Computer simulation; Decision support systems--Computer programs; Management--Data processing; Management--Mathematical models _917013 |
|
| 700 |
_aShank, Todd M. _917014 |
||
| 942 |
_2ddc _cBK |
||
| 999 |
_c47246 _d47246 |
||